Exploring effective leadership in higher education /
محفوظ في:
| المؤلف الرئيسي: | |
|---|---|
| التنسيق: | أطروحة كتاب |
| اللغة: | English |
| منشور في: |
2015.
|
| الموضوعات: | |
| الوسوم: |
إضافة وسم
لا توجد وسوم, كن أول من يضع وسما على هذه التسجيلة!
|
| LEADER | 01117cam a2200301 i 4500 | ||
|---|---|---|---|
| 001 | u1034039 | ||
| 003 | SIRSI | ||
| 005 | 201605301454 | ||
| 008 | 160530s2015 my a m 000 0 eng | ||
| 040 | |a UMM |e rda | ||
| 043 | |a a-my--- | ||
| 090 | |a LB2831.9 |b UM 2015 Hun | ||
| 100 | 1 | |a Hunt, Edmund Ross Williams, |e author. | |
| 245 | 1 | 0 | |a Exploring effective leadership in higher education / |c Edmund Ross Williams Hunt. |
| 264 | 1 | |c 2015. | |
| 264 | 4 | |c 2015. | |
| 300 | |a xi, 111 leaves : |b illustration ; |c 30 cm. | ||
| 336 | |a text |2 rdacontent | ||
| 337 | |a unmediated |2 rdamedia | ||
| 338 | |a volume |2 rdacarrier | ||
| 502 | |b M.Princ. |c Institut Kepimpinan Pendidikan, Universiti Malaya |d 2015. | ||
| 504 | |a Bibliography: leaves 79-86. | ||
| 650 | 0 | |a Educational leadership |z Malaysia. | |
| 650 | 0 | |a Public universities and colleges |z Malaysia |x Management. | |
| 710 | 2 | |a Universiti Malaya. |b Institut Kepimpinan Pendidikan, |e degree granting institution. | |
| 596 | |a 1 | ||
| 900 | |a NSM | ||
| 999 | |a LB2831.9 UM 2015 HUN |w LC |c 1 |i A516508015 |d 5/5/2023 |e 5/5/2023 |f 29/7/2016 |g 1 |l STACKS |m P01UTAMA |n 6 |r Y |s Y |t TESIS |u 29/7/2016 |1 AHSS | ||
